| 000 | 00840nam a2200193Ii 4500 | ||
|---|---|---|---|
| 003 | JO-AjNU | ||
| 008 | 230605s9999||||xx |||||||||||||| ||und|| | ||
| 040 |
_aJO-AjNU _bara _erda _cJO-AjNU |
||
| 041 | _aara | ||
| 050 | 1 | 4 | _aPJ6307.H37 1900 |
| 100 | 3 |
_aتاليف الهاشمي، السيد أحمد, _eauthor _956327 |
|
| 245 | 0 | 0 | _aالقواعد الأساسية للغة العربية حسب منهج متن الألفية لابن مالك وخلاصة الشراح لابن هشام وابن عقيل والاشموني |
| 264 | 3 | 1 | _aبيروت:دار الكتب العلمية,1900 |
| 300 | _a368ص | ||
| 336 |
_atext _btxt _2rdacontent |
||
| 337 |
_aunmediated _bn _2rdamedia |
||
| 338 |
_avolume _bnc _2rdacarrier |
||
| 650 | 4 |
_aاللغة العربية-القواعد الاساسية للغة العربية-قواعد _956328 |
|
| 999 |
_aA25176 _c28744 _d28744 |
||